Statistics for Yu-Gi-Oh! The Abridged Series Trivia

Click here to take the quiz!

General Stats

  • This quiz has been taken 451 times
    (450 since last reset)
  • The average score is 6 of 10

Answer Stats

HintAnswer% Correct
"Screw the rules, I have _"Money
97%
Where is Bandit Keith really from?Canada
78%
What song always plays when Duke Devlin talks?Sexy Back
70%
Yami Marik's real nameMelvin
65%
Who has a Satanic teddy-bearRebecca
61%
Who are the only people Marik can control with the Millenium Rod?Steves
61%
Yami Bakura's real nameFlorence
56%
What is Ishizu's catchphrase?Because shut up
50%
What is Crump's favorite animal?Penguins
48%
Who is Dr. SkuzzbucketMarik's dad
16%

Score Distribution

Percentile by Number Answered

Percent of People with Each Score

Your Score History

You have not taken this quiz since the last reset